| 000 | 00583nam a2200169 i 4500 | ||
|---|---|---|---|
| 001 | 90652 | ||
| 003 | ES-MaACL | ||
| 005 | 20230906180524.0 | ||
| 007 | t| | ||
| 008 | 050124s1914 fr ||||1| fre d | ||
| 100 | 1 |
_aLenôtre, G. _971542 |
|
| 245 | 1 | 3 |
_aLa Guillotine et les exécuteurs des arrêts criminels pendant la Révolution _b: d'après des documents inédits tirés des archives de l'Etat / _cG.Lenotre. |
| 260 |
_aParis. : _bPerrin, _c[1914] ( _eLagny : _fE. Grevin) |
||
| 300 |
_a378 p. ; _c20 cm. |
||
| 650 | 4 |
_aGuillotina- _xHistoria. _9165193 |
|
| 852 |
_aES-MaACL _jF-4676 |
||
| 999 |
_c90652 _d90652 |
||